La Montálvez / (Record no. 172685)

MARC details
000 -LEADER
campo de control de longitud fija 00844nam a2200241 i 4500
001 - NÚMERO DE CONTROL
campo de control 172685
003 - IDENTIFICADOR DE NÚMERO DE CONTROL
campo de control ES-MaACL
005 - FECHA Y HORA DE LA ÚLTIMA TRANSACCIÓN
campo de control 20260209111448.0
008 - DATOS DE LONGITUD FIJA--INFORMACIÓN GENERAL
campo de control de longitud fija 090821s1919 sp |||| | spa d
080 ## - NÚMERO DE LA CLASIFICACIÓN DECIMAL UNIVERSAL
Número de la Clasificación Decimal Universal 821.134.2-31"18"
100 1# - ENTRADA PRINCIPAL--NOMBRE DE PERSONA
Nombre de persona Pereda, José María de,
Fechas asociadas al nombre 1833-1906
9 (RLIN) 90447
245 13 - MENCIÓN DEL TÍTULO
Título La Montálvez /
Mención de responsabilidad, etc. José M. de Pereda.
250 ## - MENCION DE EDICION
Mención de edición 4ª ed.
260 ## - PUBLICACIÓN, DISTRIBUCIÓN, ETC.
Lugar de publicación, distribución, etc. Madrid :
Nombre del editor, distribuidor, etc. [s.n.],
Fecha de publicación, distribución, etc. 1919 (
Fabricante Estab. Tip. de los Hijos de Tello)
300 ## - DESCRIPCIÓN FÍSICA
Extensión 531 p. ;
Dimensiones 17 cm.
490 1# - MENCIÓN DE SERIE
Mención de serie Obras completas de José M. de Pereda ;
Designación de volumen o secuencia 12
530 ## - NOTA DISPONIBLE DE FORMULARIO FÍSICO ADICIONAL
Nota de formato físico adicional disponible Disponible en formato digital.
830 0# - PUNTO DE ACCESO ADICIONAL DE SERIE-TÍTULO UNIFORME
Título uniforme Obras completas de José M. de Pereda ;
Designación de volumen o secuencia 12
9 (RLIN) 188346
852 ## - LOCALIZACIÓN
Ubicación ES-MaACL
Número de control de estantería B-3699
Ubicación en estantería Sala Pardo Bazán
856 4# - LOCALIZACIÓN Y ACCESO ELECTRÓNICOS
Identificador Uniforme de Recursos <a href="http://bdh-rd.bne.es/viewer.vm?id=0000199591&page=1 ">http://bdh-rd.bne.es/viewer.vm?id=0000199591&page=1 </a>
Texto de enlace Biblioteca Digital Hispánica
942 ## - ELEMENTOS DE ENTRADA SECUNDARIOS (KOHA)
Fuente del sistema de clasificación o colocación Clasificación decimal universal
Holdings
Estatus retirado Estado de pérdida Estado de daño No para préstamo Colección Biblioteca de origen Biblioteca actual Ubicación en estantería Fecha de adquisición Fuente de adquisición Total de préstamos Signatura topográfica completa Código de barras Visto por última vez Precio de reemplazo Tipo de ítem Koha
        Colección digital Biblioteca del Ateneo de Madrid Biblioteca del Ateneo de Madrid Sala Pardo Bazán 21/08/2009     B-3699 1181215 23/02/2023 23/02/2023 Libro impreso